Documento expedido por Don Manuel de la Borda (Record no. 4716)
[ view plain ]
| 000 -CABECERA | |
|---|---|
| campo de control de longitud fija | 01459nam a2200301 a 4500 |
| 001 - NÚMERO DE CONTROL | |
| campo de control | BRCA_5022 |
| 005 - FECHA Y HORA DE LA ÚLTIMA TRANSACCIÓN | |
| campo de control | 20190320204916.0 |
| 008 - DATOS DE LONGITUD FIJA--INFORMACIÓN GENERAL | |
| campo de control de longitud fija | 011110s1789----mx-######v---#000-0#spa-# |
| 041 ## - CÓDIGO DE LENGUA | |
| Código de lengua del texto/banda sonora o título independiente | spa |
| 044 ## - CÓDIGO DEL PAÍS DE LA ENTIDAD EDITORA/PRODUCTORA | |
| Código MARC del país | mx |
| 084 ## - OTRO NÚMERO DE CLASIFICACIÓN | |
| Número de clasificación | DOC79 |
| Número de documento/Ítem | .B67 |
| -- | 1789 |
| 100 1# - ENTRADA PRINCIPAL--NOMBRE DE PERSONA | |
| Nombre de persona | Borda, Manuel de la |
| 9 (RLIN) | 12812 |
| 245 10 - MENCIÓN DE TÍTULO | |
| Título | Documento expedido por Don Manuel de la Borda |
| Mención de responsabilidad, etc. | Manuel de la Borda ; Pedro Alonso de Aller Díaz. |
| 260 ## - PUBLICACIÓN, DISTRIBUCIÓN, ETC. | |
| Lugar de publicación, distribución, etc. | México |
| Fecha de publicación, distribución, etc. | 1789 |
| 300 ## - DESCRIPCIÓN FÍSICA | |
| Extensión | [29] fojas |
| Dimensiones | 31 x 21 cm |
| 500 ## - NOTA GENERAL | |
| Nota general | Documento firmado el 26 de agosto de 1789. |
| 500 ## - NOTA GENERAL | |
| Nota general | Poder otorgado por el Dr. Don Manuel de la Borda, clérigo Presbítero, al señor Pedro Alonso de Aller Díaz, Caballero Profeso de la Orden de Calatrava, Contador Mayor Honorario del Real Tribunal, y Audiencia de Cuentas de la Nueva España. |
| 500 ## - NOTA GENERAL | |
| Nota general | Contiene sello con el escudo de la casa de Borbón y el lema: ´SELLO SEGUNDO. SEIS REALES. AÑOS DE MIL SETECIENTOS OCHENTA Y OCHO. Y OCHENTA Y NUEVE´. |
| 500 ## - NOTA GENERAL | |
| Nota general | El documento contiene la leyenda DOC. #239. |
| 506 0# - NOTA DE RESTRICCIONES AL ACCESO | |
| Limitaciones de acceso | Fondo Reservado. Para su consulta es necesario credencial de usuario y carta de motivos. |
| 546 ## - NOTA DE LENGUA/LENGUAJE | |
| Nota de lengua/lenguaje | Texto en: Español de finales del siglo XVIII. |
| 600 14 - PUNTO DE ACCESO ADICIONAL DE MATERIA--NOMBRE DE PERSONA | |
| Nombre de persona | Borda, Manuel de la |
| Títulos y otros términos asociados al nombre | Presbítero |
| Subdivisión general | Historia |
| 9 (RLIN) | 12813 |
| 650 14 - PUNTO DE ACCESO ADICIONAL DE MATERIA--TÉRMINO DE MATERIA | |
| Término de materia o nombre geográfico como elemento de entrada | Documentos legales |
| Subdivisión de forma | Manuscritos |
| Subdivisión general | Historia |
| 9 (RLIN) | 12814 |
| 651 #4 - PUNTO DE ACCESO ADICIONAL DE MATERIA--NOMBRE GEOGRÁFICO | |
| Nombre geográfico | México |
| Subdivisión general | Historia |
| Subdivisión cronológica | Colonia, 1521-1821 |
| 9 (RLIN) | 12461 |
| 700 1# - PUNTO DE ACCESO ADICIONAL--NOMBRE DE PERSONA | |
| Nombre de persona | Aller Díaz, Pedro Alonso de |
| 9 (RLIN) | 12815 |
| 902 ## - CATALOGADOR | |
| Iniciales | FDH |
| 942 ## - ELEMENTOS DE PUNTO DE ACCESO ADICIONAL (KOHA) | |
| Fuente del sistema de clasificación o colocación | Library of Congress Classification |
| Tipo de ítem Koha | Documentos |
| Estado de retiro | Estado de pérdida | Estado dañado | No para préstamo | Localización permanente | Ubicación/localización actual | Fecha de adquisición | Total de préstamos | Signatura topográfica completa | Código de barras | Fecha visto por última vez | Precio válido a partir de | Tipo de ítem Koha |
|---|---|---|---|---|---|---|---|---|---|---|---|---|
| El ejemplar forma parte de la colección y puede ser consultado según las políticas vigentes. | Biblioteca del Museo Franz Mayer (Rogerio Casas-Alatriste) | Biblioteca del Museo Franz Mayer (Rogerio Casas-Alatriste) | 01/11/2010 | DOC79 .B67 1789 | 5110 | 22/03/2019 | 22/03/2019 | Documentos |